Statistics for most traded currencies

Click here to take the quiz!

General Stats

  • This quiz has been taken 12 times
  • The average score is 5 of 10

Answer Stats

Answer% Correct
US dollar
100%
Canadian dollar
75%
Australian dollar
67%
Japanese yen
58%
European Euro
42%
Mexican peso
42%
Swiss franc
33%
Pound sterling
25%
Swedish krona
8%
Chinese Yuan Renminbi
0%

Score Distribution

Percentile by Number Answered

Percent of People with Each Score

Your Score History

You have not taken this quiz